| 000 | 00556nam a2200157 4500 | ||
|---|---|---|---|
| 001 | 126178 | ||
| 003 | ES-MaACL | ||
| 007 | t| | ||
| 008 | 070214s1981 mx r ||||1| spa d | ||
| 245 | 0 | 0 |
_aRelaciones México-Estados Unidos _b: una visión interdisciplinaria / _cintroducción y coordinación de Alonso Gómez-Robledo Verduzco. |
| 250 | _a1ª ed. | ||
| 260 |
_aMéxico : _bUniversidad Nacional Autónoma de México, _c1981. |
||
| 300 |
_a438 p. ; _c22 cm. |
||
| 700 | 1 |
_aGómez-Robledo Verduzco, Alonso. _958134 |
|
| 852 |
_aES-MaACL _jL-3856 _bR.104741 |
||
| 999 |
_c126178 _d126178 |
||